000 00888nam a22002893a 4500
001 20318
003 VRT
005 20260121123107.0
008 231218s1978 xo oa ||| 0 slo d
035 _aa000737541
040 _aUKB
_bslo
_cUKB
_eAACR2
041 0 _aslo
044 _axo
_cSK
100 1 _aLuptovská-Horečná, Klotilda
245 1 0 _aMed a jeho využitie v domácnosti
_cKlotilda Luptovská-Horečná ; kresby vyhot. Anton Jurík ; fotogr. vyhot. Gustáv Kostelný
250 _a3., dopl. vyd.
260 _aBratislava
_bPríroda
_c1978
300 _a354 s., [8] s. fareb. obr. príl.
490 1 _aKnižnica včelára
700 1 _aJurík, Anton
_4ill
700 1 _aKostelný, Gustáv
_4pht
830 0 _aKnižnica včelára
910 _aukb
942 _2ddc
_cOLDO
_n0
949 _61291768
_a24.D.57471
_bPV.15037-78
949 _61291769
_aS.D.66234
_bPV.15038-78
999 _c20318
_d20318